Joseph Ratzinger : (Record no. 196348)

MARC details
000 -LEADER
campo de control de longitud fija 02822nam a2200421 i 4500
001 - NÚMERO DE CONTROL
campo de control 196348
003 - IDENTIFICADOR DE NÚMERO DE CONTROL
campo de control ES-MaACL
005 - FECHA Y HORA DE LA ÚLTIMA TRANSACCIÓN
campo de control 20250720063113.0
008 - DATOS DE LONGITUD FIJA--INFORMACIÓN GENERAL
campo de control de longitud fija 240919s2024 sp | |||| 000 0dspa
015 ## - NÚMERO DE BIBLIOGRAFÍA NACIONAL
Número de bibliografía nacional MON24
017 ## - NÚMERO DE COPYRIGHT O DE DEPÓSITO LEGAL
Número de copyright o de depósito legal CO 263-2024
Agencia que asigna Oficina Depósito Legal Córdoba
020 ## - NÚMERO INTERNACIONAL ESTÁNDAR DEL LIBRO
Número Internacional Estándar del Libro 9788419979162
035 ## - NÚMERO DE CONTROL DEL SISTEMA
Número de control de sistema (SpMaBN)a7490146
040 ## - FUENTE DE CATALOGACIÓN
Centro catalogador/agencia de origen SpMaBN
Lengua de catalogación spa
Centro/agencia transcriptor SpMaBN
Normas de descripción rda
Centro/agencia modificador ES-MaACL
080 ## - NÚMERO DE LA CLASIFICACIÓN DECIMAL UNIVERSAL
Número de la Clasificación Decimal Universal 27 Benedicto XVI, Papa
080 ## - NÚMERO DE LA CLASIFICACIÓN DECIMAL UNIVERSAL
Número de la Clasificación Decimal Universal 23"19"
100 1# - ENTRADA PRINCIPAL--NOMBRE DE PERSONA
Nombre de persona Carabante Muntada, José María
9 (RLIN) 238759
Término indicativo de función/relación Autor
245 10 - MENCIÓN DEL TÍTULO
Título Joseph Ratzinger :
Resto del título el Papa de la razón, una introducción al pensamiento de Benedicto XVI /
Mención de responsabilidad, etc. José María Carabante
250 ## - MENCION DE EDICION
Mención de edición Primera edición: marzo de 2024
264 #1 - PRODUCCIÓN, PUBLICACIÓN, DISTRIBUCIÓN, FABRICACIÓN Y COPYRIGHT
Producción, publicación, distribución, fabricación y copyright [Córdoba]
Nombre del de productor, editor, distribuidor, fabricante Sekotia,
Fecha de producción, publicación, distribución, fabricación o copyright [2024]
264 #4 - PRODUCCIÓN, PUBLICACIÓN, DISTRIBUCIÓN, FABRICACIÓN Y COPYRIGHT
Fecha de producción, publicación, distribución, fabricación o copyright ©2024
300 ## - DESCRIPCIÓN FÍSICA
Extensión 171 páginas ;
Dimensiones 22 cm
336 ## - TIPO DE CONTENIDO
Término de tipo de contenido Texto
Fuente rdacontent
337 ## - TIPO DE MEDIO
Nombre/término del tipo de medio sin mediación
Fuente rdamedia
338 ## - TIPO DE SOPORTE
Nombre/término del tipo de soporte volumen
Fuente rdacarrier
490 0# - MENCIÓN DE SERIE
Mención de serie Colección Reflejos de actualidad
504 ## - NOTA DE BIBLIOGRAFÍA, ETC.
Nota de bibliografía, etc. Incluye referencias bibliográficas
520 ## - RESUMEN, ETC.
Sumario, etc. Joseph Ratinzger fue, además de un pontífice profundo y un teólogo riguroso, uno de los pensadores más consistentes e importantes del último siglo. Este libro se propone, además de descubrir los principales hitos de su trayectoria, explicar a un público amplio sus principales contribuciones. Partiendo del análisis filosófico de su obra, se busca con estas páginas dar cuenta de los esfuerzos de Benedicto XVI por ampliar los horizontes de la razón, así como de su interés por curar los excesos del racionalismo, apelando a la fe, y los del fideísmo, integrando de modo crítico la razón en el ámbito teológico. Un libro, pues, que sirve de introducción a las aportaciones de quien fuera Benedicto XVI, el Papa de la razón. Del famoso debate que mantuvieron Ratzinger con el filósofo Habermas en enero de 2004 en la Academia Católica de Baviera, se extraen las siguientes conclusiones: «La religión y la razón secular deberían tomarse en serio mutuamente en un proceso de aprendizaje complementario que nunca se acaba». Jürgen Habermas «Los padres de la Iglesia, enseñan ya hace muchos años, que la razón y la fe son complementarias». Joseph Ratzinger
600 07 - PUNTO DE ACCESO ADICIONAL DE MATERIA--NOMBRE DE PERSONA
Nombre de persona Benedicto
Numeración XVI,
Títulos y otros términos asociados al nombre Papa
Fuente del encabezamiento o término embne
9 (RLIN) 234934
650 #7 - PUNTO DE ACCESO ADICIONAL DE MATERIA--TÉRMINO DE MATERIA
Término de materia o nombre geográfico como elemento de entrada Pensamiento religioso-
Subdivisión cronológica S.XX
9 (RLIN) 137680
852 ## - LOCALIZACIÓN
Ubicación ES-MaACL
Ubicación en estantería Depósito J
Número de control de estantería N-10118
Anotaciones manuscritas Dedicatoria autógrafa del autor
Donativo/Legado Donación: José María Carabante
Encuadernación Encuadernación rústica con solapas
itemnumber 206252
903 ## - NOMBRE PERSONAL DE DONANTE
9 238759
a Carabante Muntada, José María
e Donante
942 ## - ELEMENTOS DE ENTRADA SECUNDARIOS (KOHA)
Tipo de ítem Koha Libro impreso
Suprimir en OPAC No
Holdings
Estatus retirado Estado de pérdida Fuente del sistema de clasificación o colocación Estado de daño No para préstamo Colección Biblioteca de origen Biblioteca actual Ubicación en estantería Fecha de adquisición Fuente de adquisición Total de préstamos Signatura topográfica completa Código de barras Visto por última vez Precio de reemplazo Tipo de ítem Koha
    Clasificación decimal universal     Libros con dedicatorias Biblioteca del Ateneo de Madrid Biblioteca del Ateneo de Madrid Depósito J 18/07/2025 Donación   N-10118 2025-0637 18/07/2025 18/07/2025 Libro impreso